000 00979cam a22002892 4500
001 9423
003 BD-RjUL
005 20211208234757.0
008 140121t1971 ne a 001 0 eng
020 _a0444100997 (American Elsevier)
035 _a(BD-RjUL)9468
040 _aDLC
_cDLC
_dEQO
_beng
041 1 _aengrus
082 0 4 _a530.13
_216
_bTES 1971
100 1 _aTerlet͡skiĭ, I͡A. P.
_q(I͡Akov Petrovich),
_d1912-
_929203
245 0 0 _aStatistical physics /
_c[By] Ya. P. Terletskii. Translated from the Russian by Nanny Fröman.
260 _aAmsterdam :
_bNorth-Holland Pub. Co.,
_cc1971.
300 _axv, 279 p. :
_bdiagrs. ;
_c23 cm.
500 _aTranslation of Statisticheskai͡a fizika.
500 _aSole distributors for the U.S.A., American Elsevier, New York.
504 _aIncludes index.
650 0 _aStatistical mechanics.
_929204
942 _2ddc
_cBK
999 _c9423
_d9423